000 00729nam a2200241Ia 4500
003 OSt
005 20220925210549.0
006 a|||||r|||| 00| 0
007 ta
008 220923b |||||||| |||| 00| 0 eng d
037 _cGeneral Book
040 _aRTL
_cRTL
_beng
041 _2eng
_aeng
082 _aY:5.2sP11, Q1.1
100 _aCENSUS OF INDIA 2011
245 0 _aProvisional Population Totals Rural Urban Distribution
_b India
260 _aIndia
_bGovt. Press India
_c2012
300 _avi;41
_ccm.
490 _vvolume1/ paper2
500 _aAppendix: p 1009-1053; Bibliography: p 1055-1057
942 _hY:5.2sP11, Q1.1
_cGB
_2CC
999 _c555458
_d555458